| 000 | 01191cam a2200133 4500500 | ||
|---|---|---|---|
| 005 | 20260329023201.0 | ||
| 041 | _afre | ||
| 042 | _adc | ||
| 100 | 1 | 0 |
_aBresson, Maryse _eauthor |
| 245 | 0 | 0 | _aSociologie de la précarité |
| 260 |
_bArmand Colin,
_c2020. |
||
| 520 | _aLa « précarité » est une entrée privilégiée pour rendre compte du monde contemporain. Cette notion cristallise l’angoisse sociale bien au-delà des terres traditionnelles de la pauvreté et de l’instabilité. D’où l’intérêt de ce livre, synthèse des travaux sociologiques sur le sujet : il rend compte des réalités de la précarité, présente les interprétations, et invite au renouvellement de la réflexion, en s’appuyant notamment sur le concept de « lien social ». Ce faisant, il aide à affronter la question fondamentale : les incertitudes et l’instabilité sont-elles des traits constitutifs des sociétés individualistes d’aujourd’hui ? Ou ne sont-elles que la traduction d’une crise générale du travail, de la famille et des institutions ? | ||
| 856 | 4 | 1 | _uhttps://shs.cairn.info/sociologie-de-la-precarite--9782200623784?lang=fr&redirect-ssocas=7080 |
| 999 |
_c1925315 _d1925315 |
||